UBT Library

Fit & well : (Record no. 992)

000 -LEADER
fixed length control field 00677nam a22002297a 4500
008 - FIXED-LENGTH DATA ELEMENTS--GENERAL INFORMATION
fixed length control field 150604b xxu||||| |||| 00| 0 eng d
020 ## - INTERNATIONAL STANDARD BOOK NUMBER
International Standard Book Number 9780073523798
020 ## - INTERNATIONAL STANDARD BOOK NUMBER
International Standard Book Number 0073523798
041 0# - LANGUAGE CODE
Language code of text/sound track or separate title eng
080 ## - UNIVERSAL DECIMAL CLASSIFICATION NUMBER
Universal Decimal Classification number 615.83
100 1# - Rafti
Rafti Fahey, Thomas D.
245 10 - TITLE STATEMENT
Title Fit & well :
Statement of responsibility, etc Thomas D. Fahey, Paul M. Insel, Walton T. Roth.
246 3# - VARYING FORM OF TITLE
Title proper/short title Fit and well
250 ## -
-- 9th ed.
260 ## -
-- New York :
-- McGraw-Hill,
-- c2011.
300 ## -
-- xx, 430, [56] f. :
-- me ill. ;
-- 28 cm.
650 #0 -
-- Fitnesi fizik
650 #0 -
-- Shëndetësia
700 1# -
-- Insel, Paul M.
700 1# -
-- Roth, Walton T.
942 ## - ADDED ENTRY ELEMENTS (KOHA)
Source of classification or shelving scheme
Item type Books
Holdings
Withdrawn status Lost status Source of classification or shelving scheme Damaged status Not for loan Collection code Permanent location Current location Shelving location Date acquired Total Checkouts Full call number Barcode Date last seen Koha item type Price effective from
          Koleksioni i përgjithshem UBT - Lipjan UBT - Lipjan Koleksioni i përgjithshem 06/04/2015   615.83 FAH 002-010440 06/04/2015 Books  
          Koleksioni i përgjithshem UBT - Lipjan UBT - Lipjan Koleksioni i përgjithshem 12/29/2015   615.83 FAH 002-010441 12/29/2015 Books 12/29/2015
          Koleksioni i përgjithshem UBT - Lipjan UBT - Lipjan Koleksioni i përgjithshem 12/29/2015   615.83 FAH 002-010442 12/29/2015 Books 12/29/2015
          Koleksioni i përgjithshem UBT - Lipjan UBT - Lipjan Koleksioni i përgjithshem 12/29/2015   615.83 FAH 002-010443 12/29/2015 Books 12/29/2015
          Koleksioni i përgjithshem UBT - Lipjan UBT - Lipjan Koleksioni i përgjithshem 12/29/2015   615.83 FAH 002-010444 12/29/2015 Books 12/29/2015
          Koleksioni i përgjithshem UBT - Lipjan UBT - Lipjan Koleksioni i përgjithshem 12/29/2015   615.83 FAH 002-010445 12/29/2015 Books 12/29/2015
          Koleksioni i përgjithshem UBT - Lipjan UBT - Lipjan Koleksioni i përgjithshem 12/29/2015   615.83 FAH 002-010446 12/29/2015 Books 12/29/2015
          Koleksioni i përgjithshem UBT - Lipjan UBT - Lipjan Koleksioni i përgjithshem 12/29/2015   615.83 FAH 002-010447 12/29/2015 Books 12/29/2015
          Koleksioni i përgjithshem UBT - Lipjan UBT - Lipjan Koleksioni i përgjithshem 12/29/2015   615.83 FAH 002-010448 12/29/2015 Books 12/29/2015
          Koleksioni i përgjithshem UBT - Lipjan UBT - Lipjan Koleksioni i përgjithshem 12/29/2015   615.83 FAH 002-010449 12/29/2015 Books 12/29/2015
          Koleksioni i përgjithshem UBT - Lipjan UBT - Lipjan Koleksioni i përgjithshem 12/29/2015   615.83 FAH 002-010450 12/29/2015 Books 12/29/2015
          Koleksioni i përgjithshem UBT - Lipjan UBT - Lipjan Koleksioni i përgjithshem 12/29/2015   615.83 FAH 002-010451 12/29/2015 Books 12/29/2015
          Koleksioni i përgjithshem UBT - Lipjan UBT - Lipjan Koleksioni i përgjithshem 12/29/2015   615.83 FAH 002-010452 12/29/2015 Books 12/29/2015
          Koleksioni i përgjithshem UBT - Lipjan UBT - Lipjan Koleksioni i përgjithshem 12/29/2015   615.83 FAH 002-010453 12/29/2015 Books 12/29/2015
          Koleksioni i përgjithshem UBT - Lipjan UBT - Lipjan Koleksioni i përgjithshem 12/29/2015   615.83 FAH 002-010454 12/29/2015 Books 12/29/2015
          Koleksioni i përgjithshem UBT - Lipjan UBT - Lipjan Koleksioni i përgjithshem 10/04/2017   159.9 FAH 002-2928404 10/04/2017 Books 10/04/2017
UBT Library © 2015-2024. All rights reserved University Education for Business and Technology